Vranov

Zobrazenie: Pohľad na bytovky, obchody, baziliku Narodenia Panny Márie a gréckokatolícky kostol Zosnutia Presvätej Bohorodičky

Bibliographic Details
Other Authors: Paul, Petr, 1945- (Photographer)
Format: Photo
Language:Slovak
PhysicalDescription:1 pohľadnica (4 čiastkové pohľady) farebná 11 x 15 cm
Published: Bratislava Pravda 1973
Subjects:

MARC

LEADER 00000nkm a2200000 a 4500
001 vtls011986463
003 SK-MaSNL
005 20260331212210.0
007 kf co
008 231121s1973 xo g kuslo
015 |a SNBG1973 
035 |a urn:nbn:sk:snk-km00fdok 
035 |a urn:nbn:sk:snk-km45u3b 
035 |a EC7E3279-AE94-42F1-A8FC-8E99E9D20302 
040 |a SNK  |b slo  |c SNK  |e AACR2 
041 0 |a slo 
043 |a e-xo--- 
044 |a xo  |c SK 
072 7 |a 913  |x Regionálna geografia  |2 konspekt 
080 |a 913(437.6)  |2 2011 
080 |a (084.121)  |2 2011 
080 |a 725  |2 2011 
080 |a 721  |2 2011 
080 |a 726:27-523.42  |2 2011 
100 1 |a Paul, Petr,  |d 1945-  |4 pht  |9 181505 
245 1 0 |a Vranov  |h grafika  |c foto Petr Paul 
260 |a Bratislava  |b Pravda  |c 1973 
300 |a 1 pohľadnica (4 čiastkové pohľady)  |b farebná  |c 11 x 15 cm 
500 |a Názvové údaje prevzaté z obrazovej časti pohľadnice 
500 |a Na obrazovej časti je uvedený 2x názov "Vranov" 
520 8 |a Zobrazenie: Pohľad na bytovky, obchody, baziliku Narodenia Panny Márie a gréckokatolícky kostol Zosnutia Presvätej Bohorodičky 
650 0 7 |a obchody  |2 SNKPH  |9 3004 
650 0 7 |a budovy  |2 SNKPH  |9 1283 
650 0 7 |a baziliky  |2 SNKPH  |9 54566 
650 0 7 |a kostoly  |2 SNKPH  |9 3023 
651 7 |a Vranov nad Topľou (Slovensko)  |2 SNKPHgeo  |9 17494 
655 7 |a miestne pohľadnice  |2 SNKPH  |9 70510 
852 |a Slovenská národná knižnica 
958 |a GBN 
958 |a OND 
958 |a GC 
958 |a EUIPO 
999 |c 1210321  |d 1212251 
952 |a SNK  |b SNK  |y PREZ  |7 0  |p 17A1377947  |o snkSP 103283  |z Pohľadnica prešla poštou.  |0 0  |1 0  |4 0  |d 2020-08-11  |f 1  |l 0  |r 2026-02-24 23:10:48  |w 2026-02-24